Možnosť uplatnenia dynamicky sa meniacej úrokovej miery v riadení zásob v stavebnom podniku

Bibliographic Details
Main Author: Pleška, Jozef (Author)
Format: Article
Language:Slovak
PhysicalDescription:Lit. 5 zázn. v slov.
Subjects:

MARC

LEADER 00000nab a2200000 a 4500
001 vtls000324682
003 SK-MaSNL
005 20260303184719.0
008 230217c1987 xo 0 slo
015 |a SNBRB19rr/mm-uuuuu 
035 |a CL0324804 
035 |a urn:nbn:sk:snk-ab2j5m 
035 |a (urnnbn)urn:nbn:sk:snk:ar-a02hnm 
035 |a (uuid)20c887cd-4178-4634-b1fb-f4e1bafec5cf 
040 |a SNKBUCL  |b slo  |c SNKBUCL  |e AACR2 
041 0 |a slo 
044 |a xo  |c SK 
080 |a 69:658.783:65.012.5  |2 1981 
080 |a 658.783  |2 1981 
080 |a 65.012.5  |2 1981 
100 1 |a Pleška, Jozef  |4 aut  |9 611294 
245 1 0 |a Možnosť uplatnenia dynamicky sa meniacej úrokovej miery v riadení zásob v stavebnom podniku  |c Jozef Pleška 
300 |b Lit. 5 zázn. v slov. 
650 0 7 |a stavebné podniky  |2 snkbucl  |9 4036 
650 0 7 |a zásoby (ekonómia)  |2 snkbucl  |9 162631 
655 7 |a články z novín a časopisov  |2 snkbucl  |9 267496 
773 0 |t Ekonomika stavebníctva  |g Roč. 22, č. 9 (1987), s. 279-281 
850 |a Slovenská národná knižnica v Martine  |a MTA001 
852 |a SNK  |b KIS3GCP 
954 |a odborná, vedecká literatúra pôvodná (slovenská)  |2 lita 
958 |a NB 
958 |a RK 
958 |a OND 
958 |a EUIPO 
958 |a article27 
992 |a RBX 
999 |c 2127747  |d 2129677